Biblioteca

Heidi / Johana Spyri ; ilustraciones Paul Hey; traducción del aleman por Th. Scheppelmann (Registro nro. 48953)

Detalles MARC
000 -LÍDER
Campo fijo de descripción fija 004170000a22001570004500
020 ## - NÚMERO INTERNACIONAL NORMALIZADO PARA LIBROS
Número Internacional Normalizado del libro 84-261-3206-5
082 04 - NÚMERO DE CLASIFICACIÓN DECIMAL DEWEY
Número de clasificación GCJ S772h
001 - NÚMERO DE CONTROL
Campo de control 1796
100 1# - ASIENTO PRINCIPAL--NOMBRE PERSONAL
Nombre personal Spyri, Johana
245 10 - TÍTULO
Título del Material Heidi / Johana Spyri ; ilustraciones Paul Hey; traducción del aleman por Th. Scheppelmann
250 ## - MENCIÓN DE EDICIÓN
Mención de edición 2a ed.
260 ## - PUBLICACIÓN, DISTRIBUCIÓN, ETC. (PIE DE IMPRENTA)
Lugar de publicación, distribución, etc. España : Editorial Juventud, S.A
300 ## - DESCRIPCIÓN FÍSICA
Extensión 221 P.
650 14 - ASIENTO SECUNDARIO DE MATERIA - TERMINO TEMÁTICO
Término temático o nombre geográfico como elemento de entrada Literatura infantil
942 ## - TIPO DE MATERIAL (KOHA)
Tipo de Item KOHA Z- Libro General BINCO
Existencias
Estado de Material Estado de Perdido Volumen-Parte/Tomo Estado de Dañado No para Préstamo Tomo Biblioteca de Origen Biblioteca Permanente Fecha de Adquisición Total de Préstamos Signatura Topográfica Código de Barras Última vez visto Ejemplar/Existencia Fecha de Remplazo Tipo de Material
            Biblioteca Infantil Comunitaria BINCO Biblioteca Infantil Comunitaria BINCO 19/11/2008   GCJ S772h B32353 24/11/2016 1 26/01/2016 Z- Libro General BINCO

Biblioteca FUSBC | Teléfono: (57+4) 349 88 10 Ext. 141| WhatsApp (+57) 3005338115 
E-mail: biblioteca@unisbc.edu.co | Calle 76 87-14 Robledo Palenque, Medellín, Colombia

Con tecnología Koha